সুলতানার স্বপ্ন / (Record no. 3055)
[ view plain ]
| 000 -LEADER | |
|---|---|
| fixed length control field | 00753nam a2200241 a 4500 |
| 001 - CONTROL NUMBER | |
| JCCL Control Number | 3055 |
| 003 - CONTROL NUMBER IDENTIFIER | |
| JCCL marc code | BD-JhCC |
| 005 - DATE AND TIME OF LATEST TRANSACTION | |
| control field | 20171129131817.0 |
| 008 - FIXED-LENGTH DATA ELEMENTS--GENERAL INFORMATION | |
| fixed length control field | 171109s2000 bg |||| ||a| 000 0 ben d |
| 020 ## - INTERNATIONAL STANDARD BOOK NUMBER | |
| International Standard Book Number | 9840740431 |
| 035 ## - SYSTEM CONTROL NUMBER | |
| system control number | (BD-JhCC) 3055 |
| 040 ## - CATALOGING SOURCE | |
| Original cataloging agency | BD-JhCC |
| Modifying agency | BD-JhCC |
| 041 ## - LANGUAGE CODE | |
| Language code of Book | ben |
| 082 ## - DEWEY DECIMAL CLASSIFICATION NUMBER | |
| Classification number | 891.442 |
| Author mark and Year | ROK 2000 |
| 100 ## - MAIN ENTRY--PERSONAL NAME | |
| Personal name | রোকেয়া, বেগম |
| 245 ## - TITLE STATEMENT | |
| Title | সুলতানার স্বপ্ন / |
| Statement of responsibility, etc | বেগম রোকেয়া, লাকী ইনাম (অনু.) |
| 260 ## - PUBLICATION, DISTRIBUTION, ETC. (IMPRINT) | |
| Place of publication, distribution, etc | ঢাকা : |
| Name of publisher, distributor, etc | বাংলা একাডেমী ঢাকা , |
| Date of publication, distribution, etc | 2000 |
| 300 ## - PHYSICAL DESCRIPTION | |
| Pagination | 95 p .: |
| Dimensions | 22 cm . |
| 650 ## - SUBJECT ADDED ENTRY--TOPICAL TERM | |
| Topical term or geographic name as entry element | Bengali Drama |
| 700 ## - ADDED ENTRY--PERSONAL NAME | |
| Personal name | ইনাম, লাকী |
| 942 ## - ADDED ENTRY ELEMENTS (KOHA) | |
| Source of classification or shelving scheme | Dewey Decimal Classification |
| Koha item type | Books |
| Source of classification or shelving scheme | Damaged status | Not for loan | Home library | Current library | Shelving location | Date of accession | Cost, normal purchase price | Total Checkouts | Full call number | Barcode | Date last seen | Copy number | Koha item type |
|---|---|---|---|---|---|---|---|---|---|---|---|---|---|
| Dewey Decimal Classification | JCC Rouf Library | JCC Rouf Library | General Stacks | 11/09/2017 | 50.00 | 891.442 ROK 2000 | 4861 | 11/09/2017 | C-1 | Books |